Statistics for International City Equivalents to US States

Click here to take the quiz!

General Stats

  • This quiz has been taken 9 times
  • The average score is 26 of 50

Answers on the Map

Answers color-coded by a green-red scale on the quiz's map according to % correct below.
 

Answer Stats

HintAnswer% Correct
TokyoCalifornia
86%
DallasArizona
71%
New YorkFlorida
71%
Rio de JaneiroIllinois
71%
EdmontonMaine
71%
LondonMichigan
71%
ChicagoNew Jersey
71%
ParisOhio
71%
DelhiTexas
71%
AtlantaWisconsin
71%
ZaragozaAlaska
57%
LimaGeorgia
57%
San JuanIdaho
57%
HoustonIndiana
57%
SingaporeMaryland
57%
Odessa, UkraineMontana
57%
La PazNew Mexico
57%
BeijingNew York
57%
Ho Chi MinhNorth Carolina
57%
Cape TownOregon
57%
MoscowPennsylvania
57%
Kuala LumpurVirginia
57%
San FranciscoWashington
57%
MelbourneAlabama
43%
IzmirArkansas
43%
AbidjanColorado
43%
JerusalemDelaware
43%
ZurichHawaii
43%
KathmanduIowa
43%
DubaiKansas
43%
KabulLouisiana
43%
Dar es SalaamMassachusetts
43%
AmmanMinnesota
43%
CaracasMississippi
43%
KhartoumMissouri
43%
ConakryNebraska
43%
Birmingham, UKNevada
43%
DublinNew Hampshire
43%
NottinghamNorth Dakota
43%
Santo DomingoOklahoma
43%
AccraSouth Carolina
43%
LiverpoolSouth Dakota
43%
GuiyangUtah
43%
DohaVermont
43%
BeirutWest Virginia
43%
BloemfonteinWyoming
43%
SalvadorConnecticut
29%
CasblancaKentucky
29%
BordeauxRhode Island
29%
SantiagoTennessee
29%

Score Distribution

Percentile by Number Answered

Percent of People with Each Score

Your Score History

You have not taken this quiz